1236 1705 1298 1855 1276 1892 1143 1216 1281 1499 1759 1792 1547 1355 1430 1187 1110 1494 1744 1982 1463 1698 1039 1464 1243 1749 1584 1101 1031 1555 1891 1128 1635 1410 1971 1398 1265 1039 1009 1626 1467 1254 1915 1181 1812 1408 1480 1705 1159 1494 1508 1564 1989 1077 1107 1250 1078 1625 1861 1940 1544 1375 1885 1139 1195 1173 1526 1476 1339 1512 1257 1020 1268 1329 1453 1801 1617 1021 1256 1545 1793 1155 1454 1833 1184 1240 1107 1777 1907 1504 1375 1357 1482 1494 1539 1190 1756 1651 1977 BCNSPRNW ULIB Ver.6.0+V

เปลี่ยนเป็นภาษาไทย

Change to English
 แสดงรายละเอียดบรรณานุกรม
  กลับหน้าหลัก

Brief Record : Get Marc (ISO 2709) : E-mail record : QR code < ปิดหน้าต่าง
LEADER : 00000nam 2200000uu 4500
001    13399127018
003     ULIB
008    191003s2561||||th 000 0 tha d
020    ^a9786162009747
060    ^aWS103^bพ197พ
100    ^aพชร อยู่สวัสดิ์
245    ^aพจนานุกรมคำศัพท์สำหรับเด็ก ตอน สัตว์น้อยน่ารัก
250    ^aพิมพ์ครั้งที่ 1
260    ^aกรุงเทพฯ :^bบริษัท แปลน ฟอร์ คิดส์ จำกัด,^c2561
300    ^a24 หน้า;^b19 ซม.
650    ^aเด็ก^xพัฒนาการ^yการเรียนการสอน
945    ^p250^l0^i006208
999    ^aประนอม เกษจรัล
รายการนี้ยังไม่มีแท็ก
คุณยังไม่ได้ล็อกอิน คุณสามารถมีกิจกรรมร่วมกับเว็บไซต์ได้ แต่ต้องล็อกอินก่อน ::
  ล็อกอิน

รายการสื่อสารสนเทศ

ลำดับที่ ประเภท เลขเรียก/บาร์โค้ด สถานที่ สถานะ
1. วิทยาศาสตร์การแพทย์ และสุขภาพ
วิทยาศาสตร์การแพทย์ และสุขภาพ
WS103 พ197พ ฉ.1 
  Barcode: 006208
ห้องสมุดวิทยาเขตสวรรค์ประชารักษ์
►หนังสือทั่วไป
ถูกยืม กำหนดส่งวันที่ 6 พฤศจิกายน 2563
  จอง

BibComment


ยังไม่เคยถูกคอมเมนท์

คอมเมนท์ทรัพยากรรายการนี้
  คอมเมนท์: พจนานุกรมคำศัพท์..


 Copyright 2026. Bcnsprnw @Library